000 00284nam a2200121Ia 4500
008 191201s2008 xx 000 0 und d
100 _aO'BRIAN, James A
245 0 _aManagement Information Systems
260 _aN. Delhi
_bTMH
_c2008
300 _a617
650 _aMBA
942 _2ddc
_cBK
999 _c344
_d344